[Event "NED-ch 2017"]
[Site "Amsterdam"]
[Date "2017.06.29"]
[Round "4"]
[White "Van den Doel, Erik"]
[Black "Van Wely, Loek"]
[Result "0-1"]
[WhiteElo "2572"]
[BlackElo "2674"]
[PlyCount "104"]
[EventDate "2017.06.26"]
[EventType "tourn"]
[EventRounds "7"]
[EventCountry "NED"]

1. e4 c5 2. Nf3 d6 3. Bb5+ Nc6 4. O-O Bd7 5. Re1 Nf6 6. c3 a6 7. Bf1 Bg4 8. d4
cxd4 9. cxd4 e5 10. d5 Nd4 11. Be3 Bxf3 12. gxf3 Nd7 13. f4 Qh4 14. Nd2 Be7 15.
Rc1 O-O 16. Bxd4 exd4 17. Qf3 Bg5 18. fxg5 Qxg5+ 19. Qg3 Qxd2 20. Qxd6 Rad8 21.
Qg3 Rfe8 22. Rcd1 Qxb2 23. e5 d3 24. e6 fxe6 25. dxe6 Nc5 26. e7 Rd4 27. Bxd3
Nxd3 28. Rxd3 Qb4 29. Kf1 Qc4 30. Ree3 Rxd3 31. Rxd3 Rxe7 32. Qd6 Rf7 33. a3 h6
34. Kg1 Qg4+ 35. Kf1 Qc4 36. Kg1 Qg4+ 37. Kf1 Qf4 38. Qxf4 Rxf4 39. Rd7 b5 40.
Ke2 Ra4 41. Rd3 Kf7 42. Re3 Kf6 43. h3 Kf5 44. Rf3+ Ke5 45. Rd3 Re4+ 46. Kf3
Rd4 47. Rc3 Kd5 48. Ke2 a5 49. Ke3 g5 50. Ke2 b4 51. axb4 axb4 52. Rc8 Rh4 0-1